000
00316nam a22001217a 4500
008
160526b xxu||||| |||| 00| 0 eng d
020
_a
0195022149
020
_a
0195022157
041
_a
eng
080
_a
615
245
_a
Psychoparmacology:
_c
Jack D. Barchas, Philip A. Berger, Roland D. Ciaranello
942
_2
udc
_c
BK
999
_c
2426
_d
2426